[Event "Washington op"]
[Site "Washington DC "]
[Date "2015.10.07"]
[Round "1"]
[White "Erenburg, Sergey"]
[Black "Karan, Bhatty"]
[Result "1-0"]
[WhiteElo "2588"]
[BlackElo "2093"]
[PlyCount "71"]
[EventDate "2015.10.07"]
[EventType "swiss"]
[EventRounds "9"]
[EventCountry "USA"]
[SourceTitle "CBM 168 Extra"]
[Source "ChessBase"]
[SourceDate "2015.10.29"]
[SourceVersion "1"]
[SourceVersionDate "2015.10.29"]
[SourceQuality "1"]

1. e4 c5 2. Nf3 Nc6 3. Bb5 g6 4. Bxc6 dxc6 5. d3 Bg7 6. h3 Nf6 7. 0-0 b6 8. Nc3 0-0 9. Bf4 Re8 10. Qd2 Nh5 11. Bg5 Qd7 12. e5 f5 13. Rfe1 Qc7 14. Bh6 Be6 15. Bxg7 Kxg7 16. Ng5 Qd7 17. Ne2 h6 18. Nf3 Rad8 19. Rad1 Kh7 20. Qc3 Rg8 21. b3 Qd5 22. Qa1 g5 23. c4 Qd7 24. d4 g4 25. hxg4 fxg4 26. Nh4 g3 27. fxg3 Qe8 28. dxc5 Rxd1 29. Qxd1 bxc5 30. Qd3+ Kh8 31. Qe3 Qf8 32. Qxc5 Nxg3 33. Qxc6 Nf5 34. Rf1 Qg7 35. Nxf5 Qxe5 36. Ned4 1-0

[Event "Varsity Oxbridge m 132nd"]
[Site "London"]
[Date "2014.03.08"]
[Round "1.3"]
[White "Karan, Bhatty"]
[Black "Martyn, Rafe"]
[Result "0-1"]
[WhiteElo "2087"]
[BlackElo "2253"]
[PlyCount "58"]
[EventDate "2014.03.08"]
[EventType "team-match"]
[EventRounds "1"]
[EventCountry "ENG"]
[SourceTitle "CBM 159 Extra"]
[Source "ChessBase"]
[SourceDate "2014.04.24"]
[SourceVersion "1"]
[SourceVersionDate "2014.04.24"]
[SourceQuality "1"]
[WhiteTeam "Oxford University"]
[BlackTeam "Cambridge"]
[WhiteTeamCountry "ENG"]
[BlackTeamCountry "ENG"]

1. f4 d5 2. Nf3 Nf6 3. d3 Nc6 4. g3 g6 5. Bg2 Bg7 6. 0-0 0-0 7. c3 Re8 8. Qb3 e5 9. fxe5 Nxe5 10. Nxe5 Rxe5 11. e4 dxe4 12. dxe4 Nxe4 13. Qxf7+ Kh8 14. Bf4 Ng5 15. Qxg7+ Kxg7 16. Bxe5+ Kg8 17. Bf6 Qd6 18. Na3 Bh3 19. Bxg5 Bxg2 20. Kxg2 Qd5+ 21. Rf3 Qxg5 22. Raf1 Qd5 23. b3 Re8 24. R1f2 g5 25. h3 h5 26. g4 hxg4 27. hxg4 Re3 28. c4 Qe4 29. Kg3 Qf4+ 0-1